[Event "EST ch Teams"]
[Site "Tallinn"]
[Date "2020.08.30"]
[Round "4"]
[White "Maidla, Vallo"]
[Black "Koop, Vjacheslav"]
[Result "0-1"]
[WhiteElo "2401"]
[BlackElo "2186"]
[PlyCount "98"]
[EventDate "2020.08.28"]
[EventType "team"]
[EventCountry "EST"]
[SourceVersionDate "2020.09.06"]
[WhiteTeam "Pühajärve MK"]
[BlackTeam "SK Diagonaal"]
[WhiteTeamCountry "EST"]
[BlackTeamCountry "EST"]

1. e4 c5 2. Nf3 g6 3. c3 Bg7 4. d4 cxd4 5. cxd4 Nf6 6. e5 Nd5 7. Bc4 Nb6 8. Bb3
Nc6 9. Bf4 d6 10. exd6 O-O 11. O-O Bg4 12. h3 Bxf3 13. Qxf3 exd6 14. Nc3 d5 15.
Be5 Bxe5 16. dxe5 Nxe5 17. Qf4 Nec4 18. Rad1 Qd6 19. Qxd6 Nxd6 20. Nxd5 Ndc4
21. Ne7+ Kg7 22. Rd4 Na5 23. Rc1 Nxb3 24. axb3 Rfd8 25. Rg4 Kf8 26. Re1 Rd7 27.
Rge4 Rad8 28. f4 f5 29. Re5 Rd1 30. Rxd1 Rxd1+ 31. Kh2 Rd4 32. Kg3 Re4 33. Nxf5
Rxe5 34. fxe5 gxf5 35. Kf4 Kf7 36. Kxf5 Nd5 37. g4 Ne7+ 38. Kg5 Kg7 39. h4 h6+
40. Kh5 Ng6 41. g5 Nxe5 42. gxh6+ Kh7 43. Kg5 Nd3 44. Kf5 Nxb2 45. Ke4 a5 46.
Kd5 a4 47. bxa4 Nxa4 48. Kc4 Nb6+ 49. Kc5 Nc8 0-1

[Event "EST ch Teams"]
[Site "Tallinn"]
[Date "2020.08.30"]
[Round "4"]
[White "Novikov, Sergei"]
[Black "Lumiste, Rene"]
[Result "0-1"]
[WhiteElo "1743"]
[BlackElo "2085"]
[PlyCount "62"]
[EventDate "2020.08.28"]
[EventType "team"]
[EventCountry "EST"]
[SourceVersionDate "2020.09.06"]
[WhiteTeam "SK Diagonaal"]
[BlackTeam "Pühajärve MK"]
[WhiteTeamCountry "EST"]
[BlackTeamCountry "EST"]

1. d4 Nf6 2. c4 g6 3. Nf3 Bg7 4. g3 d5 5. Bg2 O-O 6. c5 b6 7. cxb6 axb6 8. O-O
e6 9. Bg5 c5 10. Qc1 Nbd7 11. Bh6 Qc7 12. Bxg7 Kxg7 13. Re1 Bb7 14. Nc3 Rfc8
15. Qg5 h6 16. Qd2 Ne4 17. Qd1 Nxc3 18. bxc3 cxd4 19. cxd4 Qc2 20. e3 Rxa2 21.
Rxa2 Qxa2 22. Re2 Qa3 23. Rc2 Rxc2 24. Qxc2 Qa1+ 25. Bf1 Ba6 26. Nd2 Nf6 27. f3
Qe1 28. Qb3 Be2 29. Qb2 h5 30. Kg2 g5 31. Qc3 Bxf1+ 0-1

[Event "EST ch Teams"]
[Site "Tallinn"]
[Date "2020.08.30"]
[Round "4"]
[White "Pedoson, Georg Aleksander"]
[Black "Sirosh, Ilja"]
[Result "1/2-1/2"]
[WhiteElo "2132"]
[BlackElo "2405"]
[PlyCount "68"]
[EventDate "2020.08.28"]
[EventType "team"]
[EventCountry "EST"]
[SourceVersionDate "2020.09.06"]
[WhiteTeam "MK Kaksikodad"]
[BlackTeam "SK Reval-Sport"]
[WhiteTeamCountry "EST"]
[BlackTeamCountry "EST"]

1. c4 e6 2. d4 d5 3. Nc3 c5 4. e3 Nf6 5. Nf3 Nc6 6. cxd5 exd5 7. Be2 cxd4 8.
Nxd4 Bd6 9. O-O O-O 10. Nxc6 bxc6 11. Bf3 Qe7 12. g3 Bf5 13. b3 h5 14. Bb2 Bg4
15. Rc1 Be5 16. Bxg4 hxg4 17. Qc2 Rac8 18. Qf5 Rfe8 19. Rfd1 g6 20. Qb1 Nh7 21.
Ne2 Ng5 22. Bxe5 Qxe5 23. Kg2 c5 24. Nf4 d4 25. exd4 cxd4 26. Rxc8 Rxc8 27. Qd3
Rd8 28. h3 gxh3+ 29. Nxh3 Qd5+ 30. f3 Nxh3 31. Kxh3 Re8 32. Kg2 Qh5 33. g4 Qc5
34. Qc4 Qxc4 1/2-1/2

[Event "EST ch Teams"]
[Site "Tallinn"]
[Date "2020.08.30"]
[Round "4"]
[White "Chukavin, Kirill"]
[Black "Orgse, Karl Kristofer"]
[Result "1-0"]
[WhiteElo "2355"]
[BlackElo "1724"]
[PlyCount "71"]
[EventDate "2020.08.28"]
[EventType "team"]
[EventCountry "EST"]
[SourceVersionDate "2020.09.06"]
[WhiteTeam "SK Reval-Sport"]
[BlackTeam "MK Kaksikodad"]
[WhiteTeamCountry "EST"]
[BlackTeamCountry "EST"]

1. e4 Nc6 2. Nf3 e5 3. Bb5 a6 4. Ba4 Nf6 5. O-O Be7 6. Re1 b5 7. Bb3 O-O 8. h3
d6 9. c3 Na5 10. Bc2 c5 11. d4 Qc7 12. Nbd2 cxd4 13. cxd4 Be6 14. d5 Bd7 15.
Nf1 Rfc8 16. Bd3 b4 17. Bd2 Qb6 18. Be3 Qd8 19. Qe2 Rcb8 20. N1d2 Bb5 21. Bxb5
Rxb5 22. Rec1 Nd7 23. Ne1 Bg5 24. Nd3 Bxe3 25. Qxe3 Nb7 26. Rc4 a5 27. Rac1
Nbc5 28. Nxc5 Rxc5 29. Nb3 Rb5 30. Rc6 a4 31. Nd2 Nc5 32. Nc4 Nb7 33. Nb6 Rc5
34. R1xc5 dxc5 35. Nxa8 Qxa8 36. Qd3 1-0

[Event "EST ch Teams"]
[Site "Tallinn"]
[Date "2020.08.30"]
[Round "4"]
[White "Kõlar, Johan-Eerik"]
[Black "Valner, Uku"]
[Result "0-1"]
[WhiteElo "1681"]
[BlackElo "2296"]
[PlyCount "83"]
[EventDate "2020.08.28"]
[EventType "team"]
[EventCountry "EST"]
[SourceVersionDate "2020.09.06"]
[WhiteTeam "MK Kaksikodad"]
[BlackTeam "SK Reval-Sport"]
[WhiteTeamCountry "EST"]
[BlackTeamCountry "EST"]

1. e4 e6 2. d4 d5 3. e5 c5 4. c3 Qb6 5. Nf3 Nc6 6. a3 Nh6 7. b4 cxd4 8. Bxh6
gxh6 9. cxd4 Rg8 10. Ra2 Bd7 11. g3 Rc8 12. Be2 Be7 13. O-O f5 14. h3 Nd8 15.
Qd3 Nf7 16. h4 Kf8 17. Rc2 Rxc2 18. Qxc2 Kg7 19. Qd2 Rc8 20. Rc1 Rxc1+ 21. Qxc1
Nd8 22. Nbd2 Bb5 23. Bxb5 Qxb5 24. Qc7 Kf7 25. Nb3 Qd3 26. Nfd2 f4 27. gxf4 Qf5
28. Qc3 Bxh4 29. Qe3 Nc6 30. Nc5 b6 31. Nb7 Qg4+ 32. Kf1 Be7 33. Qc3 Nd8 34.
Nd6+ Kf8 35. Qd3 Bxd6 36. exd6 Qxf4 37. Qxh7 Nf7 38. d7 Ke7 39. Qc2 Qxd4 40.
Qc7 Nd8 41. Ke2 b5 42. Qh2 0-1

[Event "EST ch Teams"]
[Site "Tallinn"]
[Date "2020.08.30"]
[Round "4"]
[White "Narva, Mai"]
[Black "Snitsarenko, Igor"]
[Result "1-0"]
[WhiteElo "2313"]
[BlackElo "1578"]
[Annotator "Dell"]
[PlyCount "55"]
[EventDate "2020.08.28"]
[EventType "team"]
[EventCountry "EST"]
[SourceVersionDate "2020.09.06"]
[WhiteTeam "SK Reval-Sport"]
[BlackTeam "MK Kaksikodad"]
[WhiteTeamCountry "EST"]
[BlackTeamCountry "EST"]

1. e4 c5 2. Nf3 e6 3. d4 cxd4 4. Nxd4 Nc6 5. Nc3 a6 6. Nxc6 bxc6 7. Bf4 d5 8.
Bd3 Bd6 9. e5 Bb4 10. Qg4 Ne7 11. Bg5 Bxc3+ 12. bxc3 Qc7 13. O-O Nf5 14. c4 O-O
15. Bf6 g6 (15... Kh8 16. Bxf5 gxf6 17. Bxh7 Qxe5 18. Bd3 $13) 16. Bxf5 Rd8 17.
Qg5 Kf8 18. Qh6+ Ke8 19. Qxh7 Bb7 20. Qg8+ Kd7 21. Qxf7+ Kc8 22. Bxe6+ Kb8 23.
Bxd8 Qxd8 24. Rab1 Ra7 25. cxd5 Ka8 26. Qd7 Qf8 27. dxc6 Bc8 28. Qxc8+ 1-0

[Event "EST ch Teams"]
[Site "Tallinn"]
[Date "2020.08.30"]
[Round "4"]
[White "Vipp, Venno"]
[Black "Nestor, Kaarel"]
[Result "0-1"]
[WhiteElo "1712"]
[BlackElo "2154"]
[PlyCount "70"]
[EventDate "2020.08.28"]
[EventType "team"]
[EventCountry "EST"]
[SourceVersionDate "2020.09.06"]
[WhiteTeam "MK Kaksikodad"]
[BlackTeam "SK Reval-Sport"]
[WhiteTeamCountry "EST"]
[BlackTeamCountry "EST"]

1. e4 e6 2. d4 d5 3. e5 c5 4. Bb5+ Nc6 5. Nf3 Bd7 6. Bxc6 Bxc6 7. O-O Qb6 8.
Nc3 Nh6 9. b3 Nf5 10. Be3 Nxe3 11. fxe3 Be7 12. a4 Rc8 13. Ne2 O-O 14. h4 f5
15. exf6 Bxf6 16. a5 Qc7 17. Nf4 Qe7 18. Re1 Bxh4 19. Nxh4 Qxh4 20. Nxe6 Qf2+
21. Kh1 Rf6 22. Nf4 Rh6+ 23. Nh3 Bd7 24. Rf1 Qxe3 25. Rf3 Qe4 26. Qd3 cxd4 27.
Raf1 Bxh3 28. Rxh3 Rc3 29. Qxe4 Rhxh3+ 30. gxh3 dxe4 31. Rf2 Rxh3+ 32. Kg2 Rc3
33. Re2 d3 34. cxd3 exd3 35. Rb2 Rc2+ 0-1

[Event "EST ch Teams"]
[Site "Tallinn"]
[Date "2020.08.30"]
[Round "4"]
[White "Kasela, Sten"]
[Black "Shnurov, Daniil"]
[Result "0-1"]
[WhiteElo "2043"]
[BlackElo "1532"]
[Annotator "Dell"]
[PlyCount "144"]
[EventDate "2020.08.28"]
[EventType "team"]
[EventCountry "EST"]
[SourceVersionDate "2020.09.06"]
[WhiteTeam "SK Reval-Sport"]
[BlackTeam "MK Kaksikodad"]
[WhiteTeamCountry "EST"]
[BlackTeamCountry "EST"]

1. d4 d5 2. e3 Nf6 3. Bd3 c5 4. c3 Nc6 5. f4 Bg4 6. Nf3 e6 7. O-O cxd4 8. exd4
Bd6 9. Qb3 Qc7 10. Ne5 Bxe5 11. fxe5 Ne4 12. Bf4 O-O 13. Bxe4 dxe4 14. Nd2 Bf5
15. Rae1 a6 16. Nxe4 Bxe4 17. Rxe4 b5 18. a3 Ne7 19. Bc1 Qc6 20. Ref4 a5 21.
Qd1 b4 22. axb4 axb4 23. Qh5 Ng6 24. R4f3 Qe4 25. Bg5 Ra7 26. Kh1 bxc3 27. bxc3
Ra2 28. Rg3 Rf2 29. Rg1 Rb8 30. Qg4 Qxg4 31. Rxg4 h6 32. Be3 Rc2 33. h4 Rxc3
34. Bxh6 gxh6 35. h5 Kg7 36. Rf1 Rbb3 37. hxg6 fxg6 38. Rf6 g5 39. Rxe6 Rc1+
40. Kh2 Rbb1 41. Rf6 Rh1+ 42. Kg3 Rb3+ 43. Kf2 Rd3 44. Re4 Rd2+ 45. Kg3 Rhd1
46. Rd6 h5 47. Kh2 Rf2 48. e6 Rdd2 49. e7 Rxg2+ 50. Kh1 Rh2+ 51. Kg1 Rhe2 52.
e8=N+ Kf7 53. Rf6+ Kg8 54. Rxe2 Rxe2 55. Nc7 Kg7 56. Rc6 Kf7 57. d5 h4 58. Kf1
Rd2 59. Ke1 Rd4 60. Rh6 Ke7 61. Ke2 Kd7 62. Rh7+ Kc8 63. Ke3 Rd1 64. Ke4 h3 65.
Ne6 g4 66. Nf4 Re1+ 67. Kf5 Rg1 68. Ke6 Rf1 69. Ke5 Rg1 70. Kd6 Rf1 71. Ke5 (
71. Ne2 Rf2 72. Nd4 Rf6+ (72... h2 73. Rc7+ Kd8 74. Ne6+ Ke8 75. Re7#) 73. Kc5
$18) 71... Rg1 72. Kd6 Rf1 $138 0-1

[Event "EST ch Teams"]
[Site "Tallinn"]
[Date "2020.08.30"]
[Round "5"]
[White "Sirosh, Ilja"]
[Black "Külaots, Kaido"]
[Result "0-1"]
[WhiteElo "2405"]
[BlackElo "2529"]
[PlyCount "100"]
[EventDate "2020.08.28"]
[EventType "team"]
[EventCountry "EST"]
[SourceVersionDate "2020.09.06"]
[WhiteTeam "SK Reval-Sport"]
[BlackTeam "Pühajärve MK"]
[WhiteTeamCountry "EST"]
[BlackTeamCountry "EST"]

1. d4 Nf6 2. c4 e6 3. g3 d5 4. Nf3 Be7 5. Bg2 O-O 6. O-O dxc4 7. Qc2 b5 8. a4
b4 9. Nbd2 Bb7 10. Nxc4 Nbd7 11. b3 c5 12. Bb2 Qc7 13. Rac1 Rac8 14. dxc5 Be4
15. Qd2 Nxc5 16. Be5 Qb7 17. Bxf6 gxf6 18. Qe3 Rfd8 19. Ne1 Qd5 20. Bxe4 Qxe4
21. Qxe4 Nxe4 22. Nf3 Nc3 23. Rc2 f5 24. Rfc1 Bf6 25. Kf1 Kg7 26. Rd2 Ne4 27.
Rxd8 Rxd8 28. Nce5 Rd5 29. Nd3 Bc3 30. Rc2 Kf6 31. Kg2 e5 32. Ng1 Ke6 33. f3
Nd2 34. Nc1 Nb1 35. Nd3 Kd6 36. Nh3 e4 37. fxe4 fxe4 38. Ndf4 Rd2 39. Rc1 Rb2
40. Nf2 f5 41. Nd1 Rxb3 42. Ne3 Nd2 43. Nxf5+ Ke5 44. Ne7 Rb1 45. Nc6+ Kd6 46.
Rxb1 Nxb1 47. Nxa7 b3 48. Nb5+ Kc5 49. Ne6+ Kb4 50. Nd6 Nd2 0-1

[Event "EST ch Teams"]
[Site "Tallinn"]
[Date "2020.08.30"]
[Round "5"]
[White "Kiik, Kalle"]
[Black "Chukavin, Kirill"]
[Result "1/2-1/2"]
[WhiteElo "2372"]
[BlackElo "2355"]
[PlyCount "157"]
[EventDate "2020.08.28"]
[EventType "team"]
[EventCountry "EST"]
[SourceVersionDate "2020.09.06"]
[WhiteTeam "Pühajärve MK"]
[BlackTeam "SK Reval-Sport"]
[WhiteTeamCountry "EST"]
[BlackTeamCountry "EST"]

1. c4 e6 2. Nf3 d5 3. e3 Nf6 4. b3 c6 5. Bb2 Nbd7 6. d4 Ne4 7. Nbd2 f5 8. Be2
Bd6 9. O-O O-O 10. Ne5 Nxe5 11. dxe5 Bb4 12. Nxe4 fxe4 13. Qc2 Ba5 14. Bd4 Qg5
15. Kh1 Qf5 16. Qb2 Bd7 17. Rad1 Bc7 18. c5 Be8 19. h3 Qg5 20. Bg4 Bh5 21. Qe2
Bxg4 22. Qxg4 Rf5 23. f4 exf3 24. gxf3 Qh6 25. f4 Rh5 26. Rf3 Rh4 27. Qg2 Kh8
28. Rg1 Rg8 29. Kh2 Bd8 30. Rg3 Be7 31. b4 Rh5 32. Rg4 g6 33. a4 Rf8 34. Rg3
Bh4 35. Rf3 Be7 36. b5 Rc8 37. Rb1 Qf8 38. bxc6 bxc6 39. Qc2 Rb8 40. Rxb8 Qxb8
41. Rf1 Qf8 42. Rb1 g5 43. Qe2 Rh4 44. fxg5 Qf5 45. Rb8+ Kg7 46. Qg2 Rh5 47.
Rb7 Rxg5 48. Qe2 Kf7 49. Rb2 Qe4 50. Qc2 Qf3 51. Qf2 Qxf2+ 52. Rxf2+ Ke8 53.
Rb2 a5 54. Rb6 Kd7 55. Rb7+ Kd8 56. Ra7 Rf5 57. Rxa5 Rf2+ 58. Kg3 Rc2 59. Ra6
Kd7 60. Ra7+ Kd8 61. Kg4 Rg2+ 62. Kf3 Rc2 63. a5 Bxc5 64. Rxh7 Bxd4 65. exd4
Ra2 66. Kf4 Rxa5 67. Kg5 c5 68. dxc5 Rxc5 69. Kf6 Rc6 70. Rg7 Rc7 71. Rg8+ Kd7
72. h4 Rc4 73. Rg7+ Kc6 74. h5 Rh4 75. Rg5 d4 76. Kxe6 d3 77. Rg3 Rd4 78. Rg1
Kc5 79. Rd1 1/2-1/2

[Event "EST ch Teams"]
[Site "Tallinn"]
[Date "2020.08.30"]
[Round "5"]
[White "Valner, Uku"]
[Black "Seeman, Tarvo"]
[Result "0-1"]
[WhiteElo "2296"]
[BlackElo "2410"]
[Annotator "Dell"]
[PlyCount "186"]
[EventDate "2020.08.28"]
[EventType "team"]
[EventCountry "EST"]
[SourceVersionDate "2020.09.06"]
[WhiteTeam "SK Reval-Sport"]
[BlackTeam "Pühajärve MK"]
[WhiteTeamCountry "EST"]
[BlackTeamCountry "EST"]

1. e4 c5 2. Nc3 e6 3. Nge2 a6 4. g3 b5 5. Bg2 Bb7 6. O-O Nf6 7. e5 Bxg2 8. Kxg2
Ng4 9. d4 cxd4 10. Qxd4 h5 11. f4 Nc6 12. Qe4 Rc8 13. h3 Nh6 14. Be3 Qc7 15.
Rad1 Na5 16. Nd4 Qb7 17. Rf2 Be7 18. Qxb7 Nxb7 19. Ne4 Nc5 20. Nxc5 Bxc5 21.
Rfd2 O-O 22. c3 f6 23. Nc2 fxe5 24. fxe5 Bxe3 25. Nxe3 Rc5 26. Rxd7 Rxe5 27.
Re1 Nf5 28. Rd3 Kf7 29. Nc2 Rxe1 30. Nxe1 e5 31. Nf3 Kf6 32. Nd2 Ke7 33. Ne4
Rc8 34. Kf3 Rf8 35. Kg2 Rc8 36. Rd5 Ke6 37. Rd2 Rc6 38. g4 hxg4 39. hxg4 Ne7
40. Rd8 Ng6 41. b4 Ke7 42. Rd2 Nf4+ 43. Kf2 Ne6 44. Ke3 Nc7 45. Rh2 Nd5+ 46.
Kd3 Kf7 47. Rh8 Nf4+ 48. Ke3 Nd5+ 49. Kd2 Kg6 50. Re8 Nb6 51. Re7 Nc4+ 52. Kd3
Nb2+ 53. Ke2 Nc4 54. Kf3 Kh6 55. Ng3 Nd2+ 56. Ke2 Nb1 57. Nf5+ Kg5 58. Rxe5 Kf4
59. Rc5 Nxc3+ 60. Ke1 Re6+ 61. Kf1 Ne4 62. Rc7 g6 63. Nd4 Rd6 64. Rf7+ Kxg4 65.
Ne2 Ng3+ 66. Nxg3 Kxg3 67. Rc7 g5 68. Rc3+ Kf4 69. Rc2 g4 70. Kg2 Rd3 71. Rc6
Rg3+ 72. Kf2 Ra3 73. Rc2 Rd3 74. Re2 Rd4 75. Rb2 Rc4 76. Kg2 Kg5 77. Kg3 Rc3+
78. Kg2 Kh4 79. Re2 Rc4 80. Rb2 Rd4 81. Kh2 Kg5 82. Kg3 Rd3+ 83. Kg2 Kf4 84.
Re2 Rd1 85. Rb2 Rd4 86. Kf2 Ke4 87. Kg1 Kf3 88. Rf2+ Kg3 89. Rf6 Rxb4 90. Rxa6
Ra4 91. Rxa4 bxa4 92. a3 Kf3 93. Kh2 Ke4 0-1

[Event "EST ch Teams"]
[Site "Tallinn"]
[Date "2020.08.30"]
[Round "5"]
[White "Sepp, Olav"]
[Black "Narva, Mai"]
[Result "1/2-1/2"]
[WhiteElo "2414"]
[BlackElo "2313"]
[Annotator "Dell"]
[PlyCount "100"]
[EventDate "2020.08.28"]
[EventType "team"]
[EventCountry "EST"]
[SourceVersionDate "2020.09.06"]
[WhiteTeam "Pühajärve MK"]
[BlackTeam "SK Reval-Sport"]
[WhiteTeamCountry "EST"]
[BlackTeamCountry "EST"]

1. Nf3 Nf6 2. g3 d5 3. Bg2 c5 4. O-O Nc6 5. d4 e6 6. c4 cxd4 7. Nxd4 Bc5 8.
Nxc6 bxc6 9. Qc2 Bb6 10. Nc3 O-O 11. Rd1 Ng4 12. e3 Qf6 13. Na4 Ba6 14. Nxb6
axb6 15. h3 Ne5 16. cxd5 cxd5 17. f4 Nc4 18. e4 Qg6 19. Qf2 dxe4 20. b3 Na5 21.
Qxb6 Be2 (21... Qxg3 22. Qxa5 e3 $1 23. Bb2 (23. Qe1 $2 e2) (23. Qe5 $2 Bb7 24.
Qg5 e2) 23... Qxg2+ 24. Kxg2 Bb7+ 25. Kg3 Rxa5 $15) 22. Re1 Bf3 23. Kh2 Rfb8
24. Qd6 Qf6 (24... Rc8 $1 25. Be3 (25. Bd2 Bxg2 26. Kxg2 Rd8 27. Qb4 Nc6 28.
Qc3 Rd3) 25... Rc2 26. Rg1 h6 $1 $19) 25. Be3 Nc4 26. Qd4 Na3 27. Qxf6 gxf6 28.
Rec1 Rd8 29. Bxf3 exf3 30. Kg1 e5 31. fxe5 fxe5 32. Rc5 Rd3 33. Kf2 e4 34. Rac1
Ra6 35. Re5 (35. Rg5+ Kf8 (35... Rg6 36. Ra5) 36. Bc5+ Ke8 37. Re5+ Re6 38.
Rxe6+ fxe6 39. Bxa3 Rd2+ 40. Ke3 Rxa2 41. Bc5 Re2+ 42. Kf4 f2 43. Rf1 e5+ 44.
Kxe5 e3 45. Bxe3 Rxe3+ 46. Kf4 Rxb3 47. Rxf2 Kf7 $11) 35... Nb1 36. Rc2 (36.
Rg5+ Kf8 37. Bc5+ Ke8 38. Rxb1 Rxa2+ 39. Kf1 Kd8 (39... e3 40. Re5+) 40. Re1
Rh2 $1 41. Rxe4 Rd1+ 42. Re1 Rh1+ 43. Bg1 Rxe1+ 44. Kxe1 Rxg1+ 45. Kf2 Rb1 46.
Rb5 $16 (46. Rd5+ Ke7 47. Rd3 Kf6 48. Kxf3 Kg5 49. h4+ Kf5 $16)) 36... Nc3 37.
Bd2 f6 (37... Nd1+ 38. Kf1 (38. Ke1 f2+ 39. Ke2 Rf6 40. Bf4 Re3+) 38... e3 39.
Be1 Rf6 40. Rg5+ Rg6 $19) 38. Re7 Rxa2 (38... Kf8 39. Rc7 (39. Rxh7 Rxa2 40.
Rxa2 Nxa2 41. Bh6+ Ke8 $19) 39... Nd1+ 40. Kf1 e3 41. Rxh7 (41. Bb4+ Kg8 42.
Re7 e2+ 43. Ke1 f2+ 44. Kxe2 Re3+ 45. Rxe3 f1=Q+ 46. Kxf1 Nxe3+ 47. Kf2 Nxc2
$19) 41... Re6 42. Rc8+ Re8 43. Rh8+ Kg7 44. Rhxe8 exd2 $19) 39. Rxa2 Nxa2 40.
Bh6 Nc3 41. Rg7+ Kh8 (41... Kf8 $2 42. Rd7+ $1 Ke8 43. Rxd3 exd3 44. Kxf3 $14)
42. Re7 Rd8 43. g4 Rc8 44. b4 Kg8 45. Rg7+ Kh8 46. Re7 Nd1+ 47. Kf1 Nc3 48. Kf2
Kg8 49. Rg7+ Kh8 50. Re7 Kg8 1/2-1/2

[Event "EST ch Teams"]
[Site "Tallinn"]
[Date "2020.08.30"]
[Round "5"]
[White "Kukk, Sander"]
[Black "Maidla, Vallo"]
[Result "1-0"]
[WhiteElo "2215"]
[BlackElo "2401"]
[Annotator "Dell"]
[PlyCount "105"]
[EventDate "2020.08.28"]
[EventType "team"]
[EventCountry "EST"]
[SourceVersionDate "2020.09.06"]
[WhiteTeam "SK Reval-Sport"]
[BlackTeam "Pühajärve MK"]
[WhiteTeamCountry "EST"]
[BlackTeamCountry "EST"]

1. b3 Nf6 2. Bb2 g6 3. e4 c5 4. e5 Nd5 5. Qf3 Nb4 6. Bc4 e6 7. Na3 a6 8. O-O-O
N4c6 9. Qe3 b5 10. Be2 Nd4 11. Bd3 Bb7 12. Be4 Nf5 13. Qe2 Bxe4 14. Qxe4 Nc6
15. c3 Rc8 16. Kb1 d5 17. exd6 Nxd6 18. Qe2 Bg7 19. d4 cxd4 20. cxd4 O-O 21.
Nc2 Qa5 22. Nf3 Nb4 23. Nxb4 Qxb4 24. Qe1 Qxe1 25. Rhxe1 Rfe8 26. d5 exd5 27.
Rxe8+ Rxe8 28. Bxg7 Kxg7 29. Rxd5 Ne4 30. Rd7 h6 31. Ra7 Re6 32. Kc2 Nxf2 33.
Kc3 Rc6+ 34. Kb4 Nd3+ 35. Ka5 b4 (35... Rc2 36. Rxa6 Nc5 $1 37. Rb6 Rxa2+ 38.
Kb4 Ne4 39. Rxb5 Rxg2 $19) 36. Rd7 Rc5+ 37. Kxa6 Nf4 38. g3 Nd5 39. Ne1 Rc6+
40. Kb5 Re6 41. Rxd5 Rxe1 42. Kxb4 Re2 43. a4 Rxh2 44. a5 Ra2 45. Kb5 Ra3 46.
b4 Rxg3 47. a6 Re3 48. a7 Re8 49. Kc4 Ra8 50. Ra5 g5 51. b5 g4 52. Kd3 g3 53.
Ke2 1-0

[Event "EST ch Teams"]
[Site "Tallinn"]
[Date "2020.08.30"]
[Round "5"]
[White "Lumiste, Rene"]
[Black "Nestor, Kaarel"]
[Result "1-0"]
[WhiteElo "2085"]
[BlackElo "2154"]
[Annotator "Dell"]
[PlyCount "99"]
[EventDate "2020.08.28"]
[EventType "team"]
[EventCountry "EST"]
[SourceVersionDate "2020.09.06"]
[WhiteTeam "Pühajärve MK"]
[BlackTeam "SK Reval-Sport"]
[WhiteTeamCountry "EST"]
[BlackTeamCountry "EST"]

1. Nf3 d5 2. d4 Nf6 3. g3 e6 4. Bg2 c5 5. O-O Nc6 6. c4 dxc4 7. Qa4 Bd7 8. dxc5
Bxc5 9. Qxc4 Bb6 10. Nc3 O-O 11. Qh4 h6 12. b3 Qe7 13. Bb2 e5 14. Rfd1 Bf5 15.
e3 Rfd8 16. h3 Bc2 17. Rd2 Bh7 18. Rad1 e4 19. Nd4 Nxd4 20. exd4 e3 21. fxe3
Qxe3+ 22. Kh2 Qe7 23. d5 Bc7 24. Nb5 Ba5 25. d6 Qd7 26. b4 Ne8 27. Nc7 Nxc7 28.
dxc7 Qxc7 29. Rxd8+ Rxd8 30. Rxd8+ Qxd8 31. bxa5 Qxa5 32. Qd4 f6 33. Qd5+ Qxd5
34. Bxd5+ Kf8 35. Bxb7 Bb1 36. a4 Bd3 37. Bd4 a6 38. Bg2 Bf5 39. Bb7 Bd3 40.
Kg2 Ke7 41. Kf3 Kd6 42. Be4 Bf1 43. h4 Bc4 44. a5 Bb5 45. Ke3 Bd7 46. Bd3 Bc8
47. Bc4 Bb7 48. Bb6 Ke5 49. g4 Bc8 50. Bc7# 1-0

[Event "EST ch Teams"]
[Site "Tallinn"]
[Date "2020.08.30"]
[Round "5"]
[White "Volodin, Aleksander"]
[Black "Jezhov, Roman"]
[Result "1/2-1/2"]
[WhiteElo "2482"]
[BlackElo "2272"]
[PlyCount "102"]
[EventDate "2020.08.28"]
[EventType "team"]
[EventCountry "EST"]
[SourceVersionDate "2020.09.06"]
[WhiteTeam "SK Diagonaal"]
[BlackTeam "Kadrioru MK"]
[WhiteTeamCountry "EST"]
[BlackTeamCountry "EST"]

1. d4 Nf6 2. c4 g6 3. Nf3 Bg7 4. g3 O-O 5. Bg2 d6 6. O-O Ne4 7. Qc2 f5 8. Nbd2
Nxd2 9. Bxd2 e5 10. dxe5 dxe5 11. Rad1 Nc6 12. e4 fxe4 13. Qxe4 Bf5 14. Qe3 Qd3
15. b3 Rad8 16. Ng5 Nd4 17. Bxb7 Bh6 18. Qxe5 c6 19. Be3 Bg7 20. Rxd3 Bxe5 21.
Rdd1 Bg4 22. f3 Nxf3+ 23. Nxf3 Rxd1 24. Rxd1 Bxf3 25. Rf1 g5 26. Bxa7 g4 27.
Bc5 Rd8 28. Rxf3 gxf3 29. Bxc6 Rd1+ 30. Kf2 Rd2+ 31. Kxf3 Rxa2 32. h4 Rb2 33.
Ba4 Rc2 34. g4 Kf7 35. Ke4 Ke6 36. Bc6 Re2+ 37. Kf3 Rh2 38. h5 Rh3+ 39. Ke4 Bd6
40. Bd5+ Ke7 41. Bxd6+ Kxd6 42. b4 h6 43. c5+ Ke7 44. Kf5 Rg3 45. Kf4 Rg1 46.
b5 Rc1 47. c6 Rb1 48. b6 Rxb6 49. Be4 Rb5 50. Bf5 Kd6 51. Bd7 Rg5 1/2-1/2

[Event "EST ch Teams"]
[Site "Tallinn"]
[Date "2020.08.30"]
[Round "5"]
[White "Golubenko, Valeri"]
[Black "Shlõkov, Vitali"]
[Result "0-1"]
[WhiteElo "2211"]
[BlackElo "2245"]
[PlyCount "68"]
[EventDate "2020.08.28"]
[EventType "team"]
[EventCountry "EST"]
[SourceVersionDate "2020.09.06"]
[WhiteTeam "SK Diagonaal"]
[BlackTeam "Kadrioru MK"]
[WhiteTeamCountry "EST"]
[BlackTeamCountry "EST"]

1. d4 Nf6 2. c4 g6 3. Nc3 Bg7 4. Nf3 d6 5. Bf4 O-O 6. e3 Nbd7 7. Be2 b6 8. O-O
Bb7 9. Qc2 e6 10. h3 Qe7 11. Rad1 Nh5 12. Bh2 f5 13. Nd2 Nhf6 14. Bf3 Bxf3 15.
Nxf3 e5 16. dxe5 dxe5 17. Nd5 Nxd5 18. Rxd5 e4 19. Rfd1 Nc5 20. Ne1 a5 21. b3
Rfd8 22. Qd2 Bf6 23. Kf1 Kg7 24. Rxd8 Rxd8 25. Qxd8 Qxd8 26. Rxd8 Bxd8 27. Be5+
Kf7 28. Ke2 Ke6 29. Bd4 Kd6 30. Kd2 Bh4 31. g3 Be7 32. h4 Kc6 33. Bb2 Bd6 34.
a3 Nxb3+ 0-1

[Event "EST ch Teams"]
[Site "Tallinn"]
[Date "2020.08.30"]
[Round "5"]
[White "Neff, Sergei"]
[Black "Timoshin, Andrei"]
[Result "1-0"]
[WhiteElo "2141"]
[BlackElo "2126"]
[PlyCount "83"]
[EventDate "2020.08.28"]
[EventType "team"]
[EventCountry "EST"]
[SourceVersionDate "2020.09.06"]
[WhiteTeam "Kadrioru MK"]
[BlackTeam "SK Diagonaal"]
[WhiteTeamCountry "EST"]
[BlackTeamCountry "EST"]

1. Nf3 d5 2. g3 g6 3. Bg2 Bg7 4. d4 Nf6 5. O-O c6 6. b3 O-O 7. Bb2 Nbd7 8. Nbd2
Ne8 9. e4 dxe4 10. Nxe4 Nd6 11. Qe2 Nxe4 12. Qxe4 Nf6 13. Qe2 Bf5 14. Rfe1 Re8
15. Ne5 Qc7 16. c4 Rad8 17. Rad1 Bc8 18. h3 e6 19. b4 a5 20. a3 Nd7 21. Nd3 b6
22. b5 cxb5 23. cxb5 Nf6 24. Rc1 Qb8 25. Bc6 Rf8 26. a4 Nd5 27. Ne5 Nb4 28. Qf3
Bxe5 29. dxe5 Nd3 30. Ba3 Nxc1 31. Bxc1 f5 32. exf6 Rd4 33. Bb2 Qd6 34. Be8 e5
35. f7+ Kg7 36. Qc6 Qxc6 37. bxc6 Kf6 38. f4 Rd5 39. Bxe5+ Rxe5 40. Rxe5 Bxh3
41. c7 Bc8 42. Rd5 1-0

[Event "EST ch Teams"]
[Site "Tallinn"]
[Date "2020.08.30"]
[Round "5"]
[White "Koop, Vjacheslav"]
[Black "Krivenko, Dion"]
[Result "1/2-1/2"]
[WhiteElo "2186"]
[BlackElo "2025"]
[PlyCount "56"]
[EventDate "2020.08.28"]
[EventType "team"]
[EventCountry "EST"]
[SourceVersionDate "2020.09.06"]
[WhiteTeam "SK Diagonaal"]
[BlackTeam "Kadrioru MK"]
[WhiteTeamCountry "EST"]
[BlackTeamCountry "EST"]

1. e4 c5 2. Nf3 d6 3. d4 cxd4 4. Nxd4 Nf6 5. Nc3 g6 6. Be3 Bg7 7. f3 a6 8. Bc4
b5 9. Bb3 Bb7 10. Qd2 h5 11. O-O Nbd7 12. Nd5 Nxd5 13. Bxd5 Qc7 14. Bxb7 Qxb7
15. c3 Nb6 16. Qe2 Nc4 17. Bf2 Rc8 18. f4 e5 19. fxe5 Nxe5 20. Nc2 O-O 21. Nb4
Rc4 22. Rfe1 Ng4 23. Rad1 Nxf2 24. Qxf2 Rxe4 25. Rxd6 Rfe8 26. Rdd1 a5 27. Rxe4
Qxe4 28. Nd5 b4 1/2-1/2

[Event "EST ch Teams"]
[Site "Tallinn"]
[Date "2020.08.30"]
[Round "5"]
[White "Rauk, Tõnu"]
[Black "Zaitsev, Boriss"]
[Result "1-0"]
[WhiteElo "2141"]
[BlackElo "1966"]
[PlyCount "63"]
[EventDate "2020.08.28"]
[EventType "team"]
[EventCountry "EST"]
[SourceVersionDate "2020.09.06"]
[WhiteTeam "Kadrioru MK"]
[BlackTeam "SK Diagonaal"]
[WhiteTeamCountry "EST"]
[BlackTeamCountry "EST"]

1. d4 Nf6 2. Nf3 g6 3. c4 Bg7 4. Nc3 O-O 5. Bf4 d6 6. h3 Nbd7 7. e3 c5 8. Be2
a6 9. a4 Ne8 10. O-O Nc7 11. Qd2 Re8 12. Rfd1 b6 13. d5 h6 14. e4 Nf8 15. Bxh6
Bd7 16. Bxg7 Kxg7 17. e5 Nh7 18. Ne4 Bf5 19. Ng3 Bd7 20. Qf4 dxe5 21. Nxe5 f6
22. Nxg6 e5 23. Nf5+ Bxf5 24. Qxf5 Ng5 25. Nh4 Rg8 26. Qg6+ Kf8 27. Qh6+ Ke8
28. Bh5+ Kd7 29. Bg4+ Ke8 30. Nf5 Rf8 31. Ng7+ Kf7 32. Be6+ $138 1-0